000 00656cam a2200229 4500
001 J1941
008 090401t1993 xxu||||| |||| 00| 0 eng d
035 _a(Sirsi) u46373
041 _aeng
050 _a711.552
110 _aBritish Council of Shopping Centres
_91982
245 _aShopping centre progress 1993-94.
260 _aLondon
_bEstates Gazette
_c1993
300 _a128p. ; 30cm.
350 _a20
520 _aAlso published in Estates Gazette, 23 October 1993 q.v.
650 _aSHOPPING CENTRE PROGRESS
650 _aSHOPPING CENTRES
690 _aPROPERTY-COMMERCIAL PROPERTY-RETAIL PROPERTY
942 _n0
948 _c04/03/1997
999 _c91917
_d91917